EA FC25 FUT Birthday - Statistics

General Stats
  • This quiz has been taken 10 times
  • The average score is 30 of 79
Answer Stats
Rate Club Nation Gender Answer % Correct
95 Man City Norway Male Erling Haaland
100%
95 Liverpool Netherlands Male Virgil van Dijk
100%
94 Atletico Madrid France Male Antoine Griezmann
86%
94 Real Madrid England Male Jude Bellingham
86%
94 Milan Portugal Male Rafael Leao
86%
94 Barcelona Spain Female Aitana Bonmati
71%
92 Barcelona Spain Male Inigo Martinez
71%
94 Atletico Madrid Argentina Male Julian Alvarez
71%
93 Real Madrid Austria Male David Alaba
57%
93 Inter Italy Male Federico Dimarco
57%
94 Arsenal Brazil Male Gabriel Martinelli
57%
94 Bayern Germany Male Jamal Musiala
57%
93 Man City Portugal Male Ruben Dias
57%
94 Chelsea Australia Female Sam Kerr
57%
91 Marseille France Male Adrien Rabiot
43%
92 Man United Argentina Male Alejandro Garnacho
43%
88 Bournemouth Ghana Male Antoine Semenyo
43%
91 Real Madrid Brazil Female Antonia Silva
43%
88 Leipzig Norway Male Antonio Nusa
43%
92 Man United England Female Ella Toone
43%
92 Barcelona Spain Male Gavi
43%
92 Man United England Male Harry Maguire
43%
91 Real Betis Spain Male Isco
43%
92 Arsenal Germany Male Kai Havertz
43%
88 Werder Bremen Austria Male Marco Grull
43%
92 Inter France Male Marcus Thuram
43%
88 Rangers Belgium Male Nicolas Raskin
43%
93 Athletic Club Spain Male Nico Williams
43%
93 Barcelona Spain Female Salma Paralluelo
43%
90 Dortmund Guinea Male Serhou Guirassy
43%
94 Portland USA Female Sophia Wilson
43%
92 Liverpool England Male Trent Alexander-Arnold
43%
94 PSG France Male Warren Zaire-Emery
43%
89 Milan Italy Male Alessandro Florenzi
29%
91 Wolfsburg Germany Female Alexandra Popp
29%
88 Rayo Vallecano Uruguay Male Alfonso Espino
29%
88 Brentford Cameroon Male Bryan Mbeumo
29%
92 Arsenal England Female Chloe Kelly
29%
88 DC United Belgium Male Christian Benteke
29%
89 Liverpool England Male Curtis Jones
29%
89 Spurs Sweden Male Dejan Kulusevski
29%
89 Leverkusen Burkina Faso Male Edmond Tapsoba
29%
90 Lille France Male Ethan Mbappe
29%
90 Spurs England Male James Maddison
29%
91 Al Nassr Colombia Male Jhon Duran
29%
88 Celtic Portugal Male Jota
29%
93 Dortmund Germany Male Karim Adeyemi
29%
89 Roma France Male Kouadio Kone
29%
90 Roma Argentina Male Leandro Paredes
29%
91 Bayern Germany Female Lena Oberdorf
29%
90 PSG Netherlands Female Lieke Martens
29%
89 Arsenal England Female Lotte Wubben-Moy
29%
88 FC Dallas Argentina Male Luciano Acosta
29%
90 Genoa Italy Male Mario Balotelli
29%
89 Real Sociedad Spain Male Martin Zubimendi
29%
91 Wolves Brazil Male Matheus Cunha
29%
89 Roma Germany Male Mats Hummels
29%
89 Wolves Ireland Male Matt Doherty
29%
91 Al Ittihad France Male Moussa Diaby
29%
90 Chelsea Senegal Male Nicolas Jackson
29%
89 Como Spain Male Pepe Reina
29%
91 PSG France Male Presnel Kimpembe
29%
91 Benfica Portugal Male Renato Sanches
29%
90 Al Hilal Portugal Male Ruben Neves
29%
93 Lyon France Female Selma Bacha
29%
91 Bayern Germany Male Serge Gnabry
29%
89 Napoli Slovakia Male Stanislav Lobotka
29%
90 Washington USA Female Trinity Rodman
29%
88 Monaco Ivory Coast Male Wilfried Singo
29%
91 Charlotte Ivory Coast Male Wilfried Zaha
29%
90 Fulham Brazil Male Willian
29%
91 Man City Japan Female Yui Hasegawa
29%
90 Juventus Brazil Male Bremer
14%
90 San Diego France Female Cascarino
14%
88 Orlando Pride USA Female Emily Sams
14%
88 Frankfurt Switzerland Female Geraldine Reuteler
14%
89 Aberdeen Ireland Male Jamie McGrath
14%
93 Chicago RS USA Female Mallory Swanson
14%
88 Stade Rennais France Male Steve Mandanda
14%
No matching quizzes found
Score Distribution
Percent of People with Each Score
Percentile by Number Answered
Your Score History
You have not taken this quiz